[Event "EU-ch Amateur Online 1700/2000"]
[Site "Tornelo INT"]
[Date "2021.04.24"]
[Round "1"]
[White "Kanellis, Nikolaos"]
[Black "Saradjen, Janko"]
[Result "0-1"]
[WhiteElo "1718"]
[BlackElo "1959"]
[PlyCount "48"]
[EventDate "2021.04.24"]
[EventType "swiss (rapid)"]
[EventRounds "8"]
[EventCountry "NET"]
[SourceTitle "EXT 2023"]
[Source "ChessBase"]
[SourceDate "2022.10.05"]
[SourceVersion "1"]
[SourceVersionDate "2022.10.05"]
[SourceQuality "1"]

1. d4 g6 2. e4 Bg7 3. Nc3 d6 4. g3 Nc6 5. Nge2 Bg4 6. Be3 Bf3 7. Rg1 Nf6 8. Qd2 Ng4 9. h3 Nh2 10. 0-0-0 Nxf1 11. Rdxf1 0-0 12. g4 d5 13. exd5 Bxd5 14. Nxd5 Qxd5 15. Nc3 Qa5 16. f4 Rad8 17. d5 Nb4 18. a3 Bxc3 19. bxc3 Qxa3+ 20. Kd1 Nxd5 21. Ke1 Nxc3 22. Qg2 Nb1 23. f5 Qc3+ 24. Bd2 Nxd2 0-1

[Event "Portoroz Nat Festival 30th"]
[Site "Portoroz"]
[Date "2020.09.06"]
[Round "5"]
[White "Saradjen, Janko"]
[Black "Kejzar, Petra"]
[Result "0-1"]
[WhiteElo "1990"]
[BlackElo "2069"]
[PlyCount "80"]
[EventDate "2020.09.03"]
[EventType "swiss"]
[EventRounds "9"]
[EventCountry "SLO"]
[SourceTitle "CBM 198 Extra"]
[Source "ChessBase"]
[SourceDate "2020.11.30"]
[SourceVersion "1"]
[SourceVersionDate "2020.11.30"]
[SourceQuality "1"]

1. e4 c5 2. Nf3 e6 3. d4 cxd4 4. c3 Nf6 5. Bd3 dxc3 6. Nxc3 d6 7. 0-0 Nc6 8. Qe2 Be7 9. Rd1 Qa5 10. Bg5 0-0 11. Nb5 a6 12. Bd2 Qd8 13. Nc3 b6 14. Bg5 Nd7 15. Bf4 e5 16. Bg3 Nc5 17. Bc2 Bg4 18. Qf1 Bxf3 19. gxf3 Nd4 20. Rac1 Bg5 21. f4 Nxc2 22. fxg5 Nd4 23. f4 f6 24. Qg2 Kh8 25. h4 Qe8 26. b4 Nce6 27. f5 Nd8 28. Nd5 Qh5 29. Rxd4 exd4 30. Bxd6 Rg8 31. Ne7 Nf7 32. Nxg8 Rxg8 33. Be7 Qxh4 34. g6 Ng5 35. Rc6 d3 36. gxh7 Re8 37. Rxf6 Rxe7 38. Rd6 Nh3+ 39. Kf1 Qf4+ 40. Ke1 Qc1# 0-1

[Event "Zadar op-B 25th"]
[Site "Zadar"]
[Date "2018.12.22"]
[Round "9"]
[White "Saradjen, Janko"]
[Black "Bubicic, Josip"]
[Result "0-1"]
[WhiteElo "1960"]
[BlackElo "2027"]
[PlyCount "84"]
[EventDate "2018.12.15"]
[EventType "swiss"]
[EventRounds "9"]
[EventCountry "CRO"]
[SourceTitle "CBM 188 Extra"]
[Source "ChessBase"]
[SourceDate "2019.02.28"]
[SourceVersion "1"]
[SourceVersionDate "2019.02.28"]
[SourceQuality "1"]

1. e4 e5 2. Nc3 Nf6 3. d3 d5 4. Bg5 Bb4 5. exd5 Qxd5 6. Bxf6 gxf6 7. Qd2 Qa5 8. Nge2 Be6 9. a3 Nc6 10. Rd1 Be7 11. g3 0-0-0 12. Bg2 Nd4 13. 0-0 c6 14. Ra1 Qc7 15. b4 h5 16. Rfb1 f5 17. b5 c5 18. b6 axb6 19. Nxd4 exd4 20. Nb5 Qb8 21. c3 h4 22. cxd4 hxg3 23. hxg3 f4 24. dxc5 Bxc5 25. d4 fxg3 26. f4 Rh2 27. Qe3 Rxg2+ 28. Kxg2 Bd5+ 29. Kg1 Bd6 30. Nxd6+ Qxd6 31. Rc1+ Bc6 32. Qxg3 Qxd4+ 33. Kf1 Rh8 34. Qg4+ Kb8 35. Qg3 Rh1+ 36. Ke2 Bb5+ 37. Kf3 Qd3+ 38. Kg2 Qe4+ 39. Qf3 Rh2+ 40. Kxh2 Qxf3 41. Rab1 Qxf4+ 42. Kg1 Qg3+ 0-1

[Event "Zadar op-B 25th"]
[Site "Zadar"]
[Date "2018.12.20"]
[Round "7"]
[White "Saradjen, Janko"]
[Black "Ljubicic, Mario"]
[Result "1-0"]
[WhiteElo "1960"]
[BlackElo "1806"]
[PlyCount "61"]
[EventDate "2018.12.15"]
[EventType "swiss"]
[EventRounds "9"]
[EventCountry "CRO"]
[SourceTitle "CBM 188 Extra"]
[Source "ChessBase"]
[SourceDate "2019.02.28"]
[SourceVersion "1"]
[SourceVersionDate "2019.02.28"]
[SourceQuality "1"]

1. e4 e5 2. Nf3 Nc6 3. d4 exd4 4. c3 d3 5. Bxd3 d6 6. Bc4 Nf6 7. 0-0 Be7 8. Bg5 0-0 9. Nbd2 Be6 10. Bb5 Ne5 11. Nd4 Bd7 12. Bxd7 Qxd7 13. f4 Ng6 14. h3 h6 15. Bxf6 Bxf6 16. Nf5 d5 17. Qg4 Kh7 18. e5 Bh4 19. Nf3 Be7 20. h4 Rg8 21. g3 Rad8 22. Qh5 f6 23. Rae1 fxe5 24. Nxe7 Nxe7 25. Ng5+ Kh8 26. Nf7+ Kh7 27. Nxd8 Rxd8 28. Rxe5 Ng6 29. Qf5 Qd6 30. h5 Qc5+ 31. Rf2 1-0

[Event "Zadar op-B 25th"]
[Site "Zadar"]
[Date "2018.12.16"]
[Round "3"]
[White "Saradjen, Janko"]
[Black "Rozic, Slaven"]
[Result "0-1"]
[WhiteElo "1960"]
[BlackElo "2079"]
[PlyCount "70"]
[EventDate "2018.12.15"]
[EventType "swiss"]
[EventRounds "9"]
[EventCountry "CRO"]
[SourceTitle "CBM 188 Extra"]
[Source "ChessBase"]
[SourceDate "2019.02.28"]
[SourceVersion "1"]
[SourceVersionDate "2019.02.28"]
[SourceQuality "1"]

1. e4 e6 2. Nc3 d5 3. d3 Nf6 4. Bg5 Be7 5. Rb1 h6 6. Bd2 b6 7. g3 Bb7 8. Bg2 dxe4 9. Nxe4 Nxe4 10. dxe4 Nd7 11. Ne2 Nc5 12. Nc3 Qd7 13. 0-0 Rd8 14. Bf4 Qc6 15. Qg4 Bf6 16. Rfd1 Rxd1+ 17. Rxd1 h5 18. Qe2 a6 19. Nd5 Bd8 20. c4 0-0 21. b4 Na4 22. b5 axb5 23. cxb5 Qe8 24. Qc2 exd5 25. Qxa4 dxe4 26. Qa7 Bc8 27. Bxc7 Bxc7 28. Qxc7 Qxb5 29. Rd8 Qb1+ 30. Bf1 Ba6 31. Rxf8+ Kh7 32. h3 Qxf1+ 33. Kh2 Qxf2+ 34. Kh1 Bf1 35. Qxf7 Qg2# 0-1

[Event "Pula op 31st"]
[Site "Pula"]
[Date "2017.09.16"]
[Round "9"]
[White "Saradjen, Janko"]
[Black "Christensen, Jan"]
[Result "1-0"]
[WhiteElo "2002"]
[BlackElo "2229"]
[PlyCount "88"]
[EventDate "2017.09.09"]
[EventType "swiss"]
[EventRounds "9"]
[EventCountry "CRO"]
[SourceTitle "CBM 180 Extra"]
[Source "ChessBase"]
[SourceDate "2017.10.06"]
[SourceVersion "1"]
[SourceVersionDate "2017.10.06"]
[SourceQuality "1"]

1. e4 e5 2. Nf3 Nc6 3. d4 exd4 4. c3 Nf6 5. Bd3 d5 6. exd5 Qxd5 7. cxd4 Bb4+ 8. Nc3 0-0 9. 0-0 Qh5 10. Be2 Qa5 11. Bg5 Be7 12. a3 Bg4 13. Bh4 Rad8 14. Bg3 Bxf3 15. Bxf3 Nxd4 16. b4 Nxf3+ 17. Qxf3 Qb6 18. Rac1 c6 19. Rfe1 Rfe8 20. h3 h6 21. Re5 Bf8 22. Rf5 Re6 23. Be5 Nh7 24. Bf4 Rd7 25. Be3 Qd8 26. Na4 g6 27. Rf4 Ng5 28. Qe2 b6 29. Nc3 Bg7 30. h4 Nh7 31. h5 Rd3 32. hxg6 fxg6 33. Rc4 b5 34. Nxb5 Nf8 35. Nxa7 Rxa3 36. Nxc6 Qd5 37. Rc5 Qd6 38. Qc4 Kh7 39. Rd5 Qc7 40. b5 Nd7 41. Bf4 Qc8 42. Qb4 Ra2 43. Nd4 Qe8 44. Nxe6 Qxe6 1-0

[Event "SLO-ch op"]
[Site "Ljubljana"]
[Date "2014.07.04"]
[Round "1"]
[White "Dobrovoljc, Vid"]
[Black "Saradjen, Janko"]
[Result "1/2-1/2"]
[WhiteElo "1848"]
[BlackElo "2115"]
[PlyCount "55"]
[EventDate "2014.07.04"]
[EventType "swiss"]
[EventRounds "9"]
[EventCountry "SLO"]
[SourceTitle "EXT 2019"]
[Source "ChessBase"]
[SourceDate "2018.10.10"]
[SourceVersion "1"]
[SourceVersionDate "2018.10.10"]
[SourceQuality "1"]

1. e4 c5 2. Nc3 Nc6 3. f4 d6 4. Nf3 g6 5. Bb5 Bg7 6. 0-0 Nf6 7. d3 0-0 8. Kh1 Bg4 9. Bxc6 bxc6 10. h3 Bd7 11. Qe1 Rb8 12. Qh4 e6 13. Qf2 h5 14. e5 Nd5 15. Ne4 f6 16. Nxd6 fxe5 17. fxe5 Bxe5 18. Nc4 Bc7 19. Qxc5 Rf5 20. Qf2 Qf8 21. Bd2 Qg7 22. Qxa7 Rbf8 23. Ne3 Nxe3 24. Bxe3 Bb8 25. Qb7 Rb5 26. Qa6 Qxb2 27. Qa4 Rb4 28. Qa5 1/2-1/2

[Event "Krk Golden Island op 2nd"]
[Site "Malinska"]
[Date "2014.04.11"]
[Round "8"]
[White "Saradjen, Janko"]
[Black "Bratkovic, Sham"]
[Result "1/2-1/2"]
[WhiteElo "2124"]
[BlackElo "2101"]
[PlyCount "38"]
[EventDate "2014.04.06"]
[EventType "swiss"]
[EventRounds "9"]
[EventCountry "CRO"]
[SourceTitle "CBM 159 Extra"]
[Source "ChessBase"]
[SourceDate "2014.04.24"]
[SourceVersion "1"]
[SourceVersionDate "2014.04.24"]
[SourceQuality "1"]

1. e4 e5 2. Nf3 Nc6 3. d4 exd4 4. c3 d5 5. exd5 Qxd5 6. cxd4 Bg4 7. Nc3 Bb4 8. Be2 Bxf3 9. Bxf3 Qc4 10. Be3 Bxc3+ 11. bxc3 Qxc3+ 12. Kf1 Nge7 13. Rc1 Qa3 14. Qd2 0-0 15. d5 Rad8 16. Bc5 Qa6+ 17. Be2 Qa4 18. Rc4 Qb5 19. Rc1 Qa4 1/2-1/2

[Event "Krk Golden Island op 2nd"]
[Site "Malinska"]
[Date "2014.04.10"]
[Round "7"]
[White "Saradjen, Janko"]
[Black "Bratkovic, Jakob"]
[Result "1-0"]
[WhiteElo "2124"]
[BlackElo "2015"]
[PlyCount "43"]
[EventDate "2014.04.06"]
[EventType "swiss"]
[EventRounds "9"]
[EventCountry "CRO"]
[SourceTitle "CBM 159 Extra"]
[Source "ChessBase"]
[SourceDate "2014.04.24"]
[SourceVersion "1"]
[SourceVersionDate "2014.04.24"]
[SourceQuality "1"]

1. e4 c5 2. Nc3 Nc6 3. d3 e6 4. g3 g6 5. Bg2 Bg7 6. Be3 d6 7. f4 Nge7 8. Nf3 Nd4 9. 0-0 0-0 10. h3 Rb8 11. Rb1 b5 12. Ne2 Nxe2+ 13. Qxe2 b4 14. Nd2 Bb7 15. g4 f5 16. Bf2 Qd7 17. Kh2 fxe4 18. Nxe4 Rxf4 19. Bg3 Rxf1 20. Rxf1 e5 21. Qf2 Rf8 22. Qxf8+ 1-0

[Event "Krk Golden Island op 2nd"]
[Site "Malinska"]
[Date "2014.04.09"]
[Round "6"]
[White "Cvitan, Ena"]
[Black "Saradjen, Janko"]
[Result "0-1"]
[WhiteElo "1652"]
[BlackElo "2124"]
[PlyCount "68"]
[EventDate "2014.04.06"]
[EventType "swiss"]
[EventRounds "9"]
[EventCountry "CRO"]
[SourceTitle "CBM 159 Extra"]
[Source "ChessBase"]
[SourceDate "2014.04.24"]
[SourceVersion "1"]
[SourceVersionDate "2014.04.24"]
[SourceQuality "1"]

1. d4 g6 2. c4 Bg7 3. e4 d6 4. Nc3 Nc6 5. Nf3 Bg4 6. Be3 e5 7. d5 Nce7 8. Qc2 f5 9. h3 Bxf3 10. gxf3 Nf6 11. Bd3 f4 12. Bd2 0-0 13. 0-0-0 c6 14. Kb1 a6 15. Qb3 Nd7 16. h4 Nc5 17. Qc2 cxd5 18. cxd5 b5 19. Bf1 Rb8 20. Ne2 b4 21. Nc1 a5 22. Nd3 b3 23. axb3 Nxb3 24. Nc1 a4 25. Nxb3 axb3 26. Qd3 Qb6 27. Rh2 Rfc8 28. Qa6 Qd8 29. Ba5 Qe8 30. Qxd6 Ra8 31. Bb4 Ra7 32. Qe6+ Kh8 33. d6 Qc6 34. Bc4 Qa4 0-1

[Event "Krk Golden Island op 2nd"]
[Site "Malinska"]
[Date "2014.04.09"]
[Round "5"]
[White "Hrescak, Ivana"]
[Black "Saradjen, Janko"]
[Result "1-0"]
[WhiteElo "1899"]
[BlackElo "2124"]
[PlyCount "147"]
[EventDate "2014.04.06"]
[EventType "swiss"]
[EventRounds "9"]
[EventCountry "CRO"]
[SourceTitle "CBM 159 Extra"]
[Source "ChessBase"]
[SourceDate "2014.04.24"]
[SourceVersion "1"]
[SourceVersionDate "2014.04.24"]
[SourceQuality "1"]

1. d4 g6 2. c4 Bg7 3. e4 d6 4. Nc3 Nc6 5. Be3 e5 6. Nge2 f5 7. f3 Nf6 8. exf5 Bxf5 9. dxe5 Nxe5 10. Nd4 Bd7 11. Qd2 0-0 12. 0-0-0 Nf7 13. g4 Re8 14. Kb1 a6 15. h4 c5 16. Nc2 Bc6 17. Rh3 b5 18. h5 Ne5 19. Be2 b4 20. Nd5 Nxd5 21. cxd5 Bb5 22. hxg6 Bxe2 23. gxh7+ Kh8 24. Qxe2 Ng6 25. Qd2 Qf6 26. Qc1 a5 27. Bh6 Re2 28. f4 a4 29. Bxg7+ Qxg7 30. f5 Ne5 31. g5 Nc4 32. f6 Qf7 33. Qf4 b3 34. axb3 axb3 35. Rxb3 Ne5 36. Qf5 Rh2 37. Rg1 c4 38. Ra3 Rb8 39. g6 Nxg6 40. Qxg6 Qxg6 41. Rxg6 Rxh7 42. f7 Rf8 43. Rxd6 Rfxf7 44. Rd8+ Kg7 45. Rg3+ Kf6 46. Rf3+ Ke7 47. Rxf7+ Rxf7 48. Rc8 Kd6 49. Rxc4 Kxd5 50. b3 Rf2 51. Kb2 Rh2 52. Rg4 Kc5 53. Rg5+ Kb6 54. b4 Rh3 55. Re5 Rg3 56. Rc5 Rh3 57. Rc3 Rh1 58. Kb3 Rb1+ 59. Kc4 Rh1 60. Nd4 Rh8 61. b5 Rh4 62. Re3 Rh1 63. Re6+ Kb7 64. Kd5 Rc1 65. Re7+ Kb6 66. Re6+ Kb7 67. Nb3 Rd1+ 68. Kc4 Rh1 69. Nc5+ Kb8 70. b6 Rh8 71. Re7 Rc8 72. Kb5 Rh8 73. Na6+ Kc8 74. b7+ 1-0

[Event "Krk Golden Island op 2nd"]
[Site "Malinska"]
[Date "2014.04.07"]
[Round "2"]
[White "Saradjen, Janko"]
[Black "Bulmaga, Irina"]
[Result "1/2-1/2"]
[WhiteElo "2124"]
[BlackElo "2375"]
[PlyCount "94"]
[EventDate "2014.04.06"]
[EventType "swiss"]
[EventRounds "9"]
[EventCountry "CRO"]
[SourceTitle "CBM 159 Extra"]
[Source "ChessBase"]
[SourceDate "2014.04.24"]
[SourceVersion "1"]
[SourceVersionDate "2014.04.24"]
[SourceQuality "1"]

1. e4 c5 2. Nf3 d6 3. d4 cxd4 4. c3 Nf6 5. Bd3 dxc3 6. Nxc3 e6 7. 0-0 Be7 8. Qe2 Nc6 9. Rd1 e5 10. h3 0-0 11. Bg5 Be6 12. Rac1 a6 13. Bb1 Nd7 14. Bxe7 Qxe7 15. Qd2 Nb6 16. Qxd6 Qxd6 17. Rxd6 Nc4 18. Rxc6 bxc6 19. b3 Nb6 20. Nxe5 c5 21. f4 f6 22. Nc6 Kf7 23. f5 Bd7 24. Na5 Rfc8 25. Rd1 Ke7 26. Kf2 Bb5 27. Ke3 Rd8 28. Rg1 Be8 29. g4 h6 30. h4 Rac8 31. Bd3 Bb5 32. Nxb5 Rxd3+ 33. Kxd3 axb5 34. a3 Kd6 35. g5 hxg5 36. hxg5 Rh8 37. Rg3 Nd7 38. gxf6 gxf6 39. Nb7+ Kc7 40. Rg7 Rh3+ 41. Kc2 Rh2+ 42. Kc1 Rh1+ 43. Kd2 Rh2+ 44. Ke3 Rh3+ 45. Kf4 Kc6 46. Na5+ Kd6 47. Nb7+ Kc6 1/2-1/2

[Event "SLO-chT 22th"]
[Site "Ljubljana"]
[Date "2012.12.07"]
[Round "7"]
[White "Arcon, Denis"]
[Black "Saradjen, Janko"]
[Result "1/2-1/2"]
[WhiteElo "2101"]
[BlackElo "2137"]
[PlyCount "91"]
[EventDate "2012.11.23"]
[EventType "team-tourn"]
[EventRounds "9"]
[EventCountry "SLO"]
[SourceTitle "CBM 151 Extra"]
[Source "ChessBase"]
[SourceDate "2012.12.18"]
[SourceVersion "1"]
[SourceVersionDate "2012.12.18"]
[SourceQuality "1"]
[WhiteTeam "Vrhnika"]
[BlackTeam "Ljubljana Vidmar"]
[WhiteTeamCountry "SLO"]
[BlackTeamCountry "SVK"]

1. d4 g6 2. c4 Bg7 3. Nc3 d6 4. e4 Nc6 5. Be3 e5 6. d5 Nce7 7. Bd3 f5 8. f3 Nf6 9. Nge2 0-0 10. 0-0 c6 11. b4 fxe4 12. Nxe4 cxd5 13. cxd5 Kh8 14. Bc4 Nf5 15. Bf2 Bh6 16. Qd3 Bd7 17. N2c3 a6 18. b5 axb5 19. Nxb5 Bxb5 20. Bxb5 Qa5 21. a4 Rac8 22. Ra3 Nxe4 23. fxe4 Ng7 24. Be3 Bxe3+ 25. Qxe3 Qb4 26. Rxf8+ Rxf8 27. Rc3 Nh5 28. Rb3 Qa5 29. Qc3 Qb6+ 30. Qe3 Qc7 31. Rc3 Qa5 32. Rc1 Kg7 33. g3 Nf6 34. h3 Rf7 35. Rc4 Nd7 36. Bxd7 Rxd7 37. Kg2 Rf7 38. Qc3 Qb6 39. Qd2 Qb1 40. Qe2 Qb3 41. h4 h6 42. Qc2 Qb6 43. Rc3 g5 44. Rf3 Rc7 45. Rc3 Rf7 46. Rf3 1/2-1/2

[Event "SLO-chT"]
[Site "Slovenia"]
[Date "2011.06.04"]
[Round "5"]
[White "Saradjen, Janko"]
[Black "Kos, Toni"]
[Result "1-0"]
[WhiteElo "2126"]
[BlackElo "2314"]
[PlyCount "65"]
[EventDate "2011.05.27"]
[EventType "team-tourn"]
[EventRounds "9"]
[EventCountry "SLO"]
[SourceTitle "CBM 142 Extra"]
[Source "ChessBase"]
[SourceDate "2011.06.27"]
[SourceVersion "1"]
[SourceVersionDate "2011.06.27"]
[SourceQuality "1"]
[WhiteTeam "Milan Vidmar"]
[BlackTeam "Krsko Triglav"]
[WhiteTeamCountry "SLO"]
[BlackTeamCountry "SLO"]

1. g3 Nf6 2. Bg2 Nc6 3. d3 d6 4. Nc3 Bd7 5. Bg5 h6 6. Bxf6 gxf6 7. e4 h5 8. f4 Nd4 9. Nce2 c5 10. c3 Nc6 11. Nf3 Qc8 12. d4 b6 13. d5 Na5 14. Qd3 b5 15. b3 Rb8 16. e5 fxe5 17. fxe5 Bh6 18. 0-0 Bf5 19. Qd1 Be4 20. exd6 exd6 21. Qe1 0-0 22. Nf4 Re8 23. Nxh5 Bxf3 24. Nf6+ Kf8 25. Nxe8 Bxg2 26. Nxd6 Qh3 27. Rxf7+ Kg8 28. Rf2 Bxd5 29. Nf5 Nc6 30. Qe2 a6 31. Rd1 Rd8 32. Rxd5 Rxd5 33. Qe6+ 1-0

[Event "SLO-chT"]
[Site "Slovenia"]
[Date "2011.06.03"]
[Round "4"]
[White "Maksimenko, Andrei"]
[Black "Saradjen, Janko"]
[Result "1-0"]
[WhiteElo "2540"]
[BlackElo "2126"]
[PlyCount "109"]
[EventDate "2011.05.27"]
[EventType "team-tourn"]
[EventRounds "9"]
[EventCountry "SLO"]
[SourceTitle "CBM 142 Extra"]
[Source "ChessBase"]
[SourceDate "2011.06.27"]
[SourceVersion "1"]
[SourceVersionDate "2011.06.27"]
[SourceQuality "1"]
[WhiteTeam "Ptuj"]
[BlackTeam "Milan Vidmar"]
[WhiteTeamCountry "SLO"]
[BlackTeamCountry "SLO"]

1. e4 c5 2. Nf3 Nc6 3. d4 cxd4 4. Nxd4 g6 5. c4 Bg7 6. Be3 Nf6 7. Nc3 Ng4 8. Qxg4 Nxd4 9. Qd1 Ne6 10. Rc1 Qa5 11. Bd3 b6 12. 0-0 g5 13. Qd2 Bb7 14. Rfd1 Bc6 15. Bb1 Rd8 16. a3 h6 17. g3 Rg8 18. f3 h5 19. Qf2 h4 20. Nd5 hxg3 21. hxg3 Bxd5 22. exd5 Nf4 23. gxf4 gxf4 24. Bd2 Bxb2+ 25. Kf1 Qxa3 26. Bxf4 Bxc1 27. Rxc1 Rc8 28. d6 Rc5 29. dxe7 Re5 30. Rd1 Rxe7 31. Bf5 Qb3 32. Rc1 Rh8 33. Kg2 Rg8+ 34. Kf1 Rh8 35. Kg2 Rg8+ 36. Bg3 Qa3 37. Rd1 Qc3 38. Rd4 Qa1 39. Qd2 Rxg3+ 40. Kxg3 Qg1+ 41. Kf4 Qg7 42. Bxd7+ Kf8 43. Bf5 Re8 44. Rd7 Qh6+ 45. Kg4 Qxd2 46. Rxd2 Re7 47. Kg5 Rc7 48. Rd7 Rxc4 49. Rxa7 Rc6 50. Be4 Rd6 51. f4 b5 52. f5 f6+ 53. Kg6 Rb6 54. Bd5 b4 55. Be6 1-0

[Event "Zadar op-B 17th"]
[Site "Zadar"]
[Date "2010.12.15"]
[Round "5"]
[White "Saradjen, Janko"]
[Black "Medic, Miljenko"]
[Result "0-1"]
[WhiteElo "2137"]
[BlackElo "2258"]
[PlyCount "80"]
[EventDate "2010.12.12"]
[EventType "swiss"]
[EventRounds "9"]
[EventCountry "CRO"]
[SourceTitle "CBM 139 Extra"]
[Source "ChessBase"]
[SourceDate "2011.01.05"]
[SourceVersion "1"]
[SourceVersionDate "2011.01.05"]
[SourceQuality "1"]

1. g3 Nf6 2. Bg2 d5 3. d3 e5 4. Nc3 c6 5. Bg5 h6 6. Bd2 Bd6 7. h3 0-0 8. e4 Be6 9. exd5 cxd5 10. Nge2 Qd7 11. g4 Nc6 12. 0-0 Rac8 13. f4 exf4 14. Nxf4 Rfe8 15. Kh1 Nd4 16. Rc1 Bc7 17. Qe1 a6 18. Qf2 Nc6 19. Qh4 Qd6 20. Rf2 Ne7 21. Bf1 d4 22. Nce2 Nfd5 23. Qh5 Nf6 24. Qh4 Rcd8 25. Nxe6 Qxe6 26. Nf4 Qd6 27. Nh5 Nfd5 28. g5 Ng6 29. Qxd4 Re5 30. Qg4 hxg5 31. Bxg5 Rde8 32. Bh4 Ne3 33. Qf3 Rf5 34. Bg3 Rxf3 35. Rxf3 Qd5 36. Be2 Nf5 37. Bxc7 Rxe2 38. Rcf1 Nfh4 39. Ng3 Rxc2 40. Ne4 Nxf3 0-1

[Event "SLO-chT1 West"]
[Site "Ljubljana"]
[Date "2010.10.16"]
[Round "8.6"]
[White "Saradjen, Janko"]
[Black "Brecevic, Vladko"]
[Result "1/2-1/2"]
[WhiteElo "2136"]
[BlackElo "2122"]
[PlyCount "63"]
[EventDate "2010.09.24"]
[EventType "team-tourn"]
[EventRounds "9"]
[EventCountry "SLO"]
[SourceTitle "CBM 138 Extra"]
[Source "ChessBase"]
[SourceDate "2010.10.29"]
[SourceVersion "1"]
[SourceVersionDate "2010.10.29"]
[SourceQuality "1"]
[WhiteTeam "Ljubljana Vidmar"]
[BlackTeam "Koper"]
[WhiteTeamCountry "SLO"]
[BlackTeamCountry "SLO"]

1. e4 e5 2. Nf3 Nc6 3. d4 exd4 4. c3 d5 5. exd5 Qxd5 6. cxd4 Bg4 7. Be2 Bb4+ 8. Nc3 Bxf3 9. Bxf3 Qc4 10. Be3 Nge7 11. Qb3 Qxb3 12. axb3 0-0-0 13. 0-0 a6 14. Rfd1 Kb8 15. Ra4 a5 16. Raa1 Rhe8 17. Bf4 Nxd4 18. Bxc7+ Kxc7 19. Rxd4 Rxd4 20. Nb5+ Kb6 21. Nxd4 Rd8 22. Nc2 Nc6 23. Ne3 Bd2 24. Nc4+ Kc7 25. h4 Bb4 26. Rc1 Re8 27. Ne3 Re5 28. Rc2 Rc5 29. Nd5+ Kd6 30. Nc3 Kc7 31. Nd5+ Kd6 32. Nc3 1/2-1/2

[Event "Pula op 24th"]
[Site "Pula"]
[Date "2010.06.20"]
[Round "2"]
[White "Saradjen, Janko"]
[Black "Doric, Darko"]
[Result "0-1"]
[WhiteElo "2140"]
[BlackElo "2452"]
[PlyCount "60"]
[EventDate "2010.06.19"]
[EventType "swiss"]
[EventRounds "9"]
[EventCountry "CRO"]
[SourceTitle "CBM 137 Extra"]
[Source "ChessBase"]
[SourceDate "2010.09.01"]
[SourceVersion "1"]
[SourceVersionDate "2010.09.01"]
[SourceQuality "1"]

1. g3 d5 2. Bg2 c6 3. Nc3 Bg4 4. d3 e5 5. h3 Bh5 6. g4 Bg6 7. e4 dxe4 8. Nxe4 Nd7 9. Ne2 Bxe4 10. Bxe4 Bc5 11. c3 Qh4 12. d4 Bb6 13. Ng3 Ne7 14. Be3 exd4 15. cxd4 Nf6 16. Qd2 h6 17. Bg2 Nfd5 18. 0-0 Bc7 19. Bxd5 Nxd5 20. Kg2 g6 21. Ne2 0-0-0 22. Nf4 h5 23. Nxd5 hxg4 24. Ne7+ Qxe7 25. hxg4 Qh4 26. Kf3 Qh3+ 27. Ke2 Qxg4+ 28. Ke1 Rhe8 29. Rd1 f5 30. f3 Qg3+ 0-1

[Event "SLO-chT 19th"]
[Site "Rogaska Slatina"]
[Date "2009.??.??"]
[Round "5"]
[White "Saradjen, Janko"]
[Black "Simic, Dragan"]
[Result "0-1"]
[WhiteElo "2128"]
[BlackElo "2060"]
[PlyCount "106"]
[EventDate "2009.12.11"]
[EventType "team-tourn"]
[EventRounds "9"]
[EventCountry "SLO"]
[SourceTitle "CBM 133 Extra"]
[Source "ChessBase"]
[SourceDate "2010.01.05"]
[SourceVersion "1"]
[SourceVersionDate "2010.01.05"]
[SourceQuality "1"]
[WhiteTeam "Ljubljana Vidmar"]
[BlackTeam "Maribor Branik"]
[WhiteTeamCountry "SLO"]
[BlackTeamCountry "SLO"]

1. g3 d5 2. Bg2 c6 3. d3 Nf6 4. Nc3 Nbd7 5. e4 dxe4 6. Nxe4 Nxe4 7. Bxe4 Nf6 8. Bg2 e5 9. Ne2 Bc5 10. 0-0 0-0 11. Bg5 h6 12. Bxf6 Qxf6 13. Nc3 Bb6 14. Kh1 Bc7 15. Qd2 Be6 16. b4 Qe7 17. Ne2 Rad8 18. a3 Bd5 19. f3 c5 20. Nc3 Be6 21. bxc5 Ba5 22. Nd5 Rxd5 23. Qxa5 Qxc5 24. Qd2 Rc8 25. Rfc1 Rd7 26. h4 Rdc7 27. Kh2 b6 28. f4 exf4 29. Qxf4 Qa5 30. c4 Rd7 31. d4 Rxc4 32. Rxc4 Bxc4 33. Rc1 b5 34. a4 Qd8 35. axb5 Rxd4 36. Qe5 Be6 37. Ra1 Rd2 38. Qe3 Qd5 39. Rg1 Ra2 40. b6 axb6 41. Qxb6 Bf5 42. Qb8+ Kh7 43. Qf4 Be4 44. Qf1 h5 45. Kh3 Bxg2+ 46. Rxg2 Qxg2+ 47. Qxg2 Rxg2 48. Kxg2 Kg6 49. Kf2 Kf5 50. Kf3 f6 51. Kf2 Kg4 52. Kg2 f5 53. Kf2 f4 0-1

[Event "SLO-ch qual"]
[Site "Sentjur"]
[Date "2008.07.05"]
[Round "4"]
[White "Vombek, Sara"]
[Black "Saradjen, Janko"]
[Result "0-1"]
[WhiteElo "1888"]
[BlackElo "2147"]
[PlyCount "60"]
[EventDate "2008.07.03"]
[EventType "swiss"]
[EventRounds "9"]
[EventCountry "SLO"]
[SourceTitle "EXT 2010"]
[Source "ChessBase"]
[SourceDate "2010.11.25"]
[SourceVersion "1"]
[SourceVersionDate "2010.11.25"]
[SourceQuality "1"]

1. e4 c5 2. Nf3 Nc6 3. d4 cxd4 4. Nxd4 g6 5. c4 Nf6 6. Nc3 d6 7. Nc2 Bg7 8. Be2 0-0 9. 0-0 Be6 10. Ne3 Rc8 11. Bd2 Nd4 12. Ned5 Re8 13. Rc1 a6 14. b3 Bxd5 15. exd5 e6 16. dxe6 Rxe6 17. Bg4 Nxg4 18. Qxg4 h5 19. Qd1 b5 20. Be3 Nf5 21. Nd5 Qa5 22. cxb5 Rxc1 23. Bxc1 axb5 24. Qc2 Nd4 25. Qb1 Re1 26. Nf4 g5 27. b4 Rxf1+ 28. Kxf1 Qa4 29. Be3 gxf4 30. Bxf4 d5 0-1

[Event "SLO-ch qual"]
[Site "Sentjur"]
[Date "2008.07.04"]
[Round "2"]
[White "Saradjen, Janko"]
[Black "Novak, Rok"]
[Result "1-0"]
[WhiteElo "2147"]
[BlackElo "1500"]
[PlyCount "39"]
[EventDate "2008.07.03"]
[EventType "swiss"]
[EventRounds "9"]
[EventCountry "SLO"]
[SourceTitle "EXT 2010"]
[Source "ChessBase"]
[SourceDate "2010.11.25"]
[SourceVersion "1"]
[SourceVersionDate "2010.11.25"]
[SourceQuality "1"]

1. e4 c6 2. c4 d5 3. cxd5 cxd5 4. exd5 Nf6 5. Nc3 Nxd5 6. Bc4 Nxc3 7. bxc3 e5 8. Nf3 Bd6 9. 0-0 0-0 10. d4 Qc7 11. dxe5 Bxe5 12. Ba3 Re8 13. Qb3 Bf6 14. Rad1 Nc6 15. Bd6 Qd7 16. Rfe1 Rxe1+ 17. Nxe1 Na5 18. Bxf7+ Kh8 19. Qd5 h6 20. Bg6 1-0